000 00662nam a2200217 i 4500
001 147190
003 ES-MaACL
005 20250604062545.0
007 t|
008 070924s1977 sp ||||1| spa d
080 _a946"18/19"(04)
100 0 _aTuñón de Lara, Manuel,
_d1915-1997
_9111681
245 1 0 _aEstudios de historia contemporánea /
_cManuel Tuñón de Lara.
250 _a1ª ed.
260 _aBarcelona :
_bNova Terra,
_c[1977]
300 _a280 p. ;
_c19 cm.
651 7 _aEspaña-
_xHistoria-
_yS.XIX
_2
_9142005
651 4 _aEspaña-
_xHistoria-
_yS.XX.
_9138832
852 _aES-MaACL
_jA-6400
_bR.95426
999 _c147190
_d147190